Výnimočný objav neznámeho uhorského obolu z polovice 15. storočia

Bibliographic Details
Main Authors: Hunka, Ján, 1958-2021 (Author), Mosný, Peter, 1949- (Author)
Format: Article
Language:Slovak
ISBN:8088709768
Subjects:

MARC

LEADER 00000nab a2200000 ar4500
001 vtls008422512
003 SK-MaSNL
005 20260303190407.0
008 060105c2004 xo |||||||b 0|| b|slo
015 |a SNBRA2006/01  |2 snkbucl 
038 |a SNKBUCL 
040 |a SNKBUCL  |b slo  |c SNKBUCL  |e AACR2 
041 0 |a slo 
044 |a xo  |c SK 
080 |a 904:737.1  |x (437.6)  |x "14"  |2 UDC-MRF-SK2 
080 |a 737.1  |x (437.6)  |x "14"  |2 UDC-MRF-SK2 
080 |a 908  |x (437.6)  |2 UDC-MRF-SK2 
100 1 |a Hunka, Ján,  |d 1958-2021  |4 aut  |9 211368 
245 1 0 |a Výnimočný objav neznámeho uhorského obolu z polovice 15. storočia  |c Ján Hunka - Peter Mosný 
504 |a Bibliogr. odkazy 
648 7 |a 15. stor.  |2 snkbucl  |9 284276 
650 0 7 |a uhorské oboly  |2 snkbucl  |9 1218671 
650 0 7 |a uhorské mince  |2 snkbucl  |9 961450 
650 0 7 |a archeologické nálezy  |2 SNKPH  |9 4975 
650 0 7 |a pamätihodnosti  |2 SNKPH  |9 58337 
651 7 |a Slovenská Ľupča (Slovensko)  |2 snkbucl  |9 27949 
700 1 |a Mosný, Peter,  |d 1949-  |4 aut  |9 26691 
773 0 |t Slovenská numizmatika. XVII  |d Nitra : Archeologický ústav SAV ; Spoločnosť Antona Točíka ; Národný numizmatický komitét SR, 2004  |g S. 238-245  |z 8088709768 
852 |a SNK  |b KIS3GCP 
958 |a NB 
999 |c 2136019  |d 2137949